Merah pitaya merah

Bibliographic Details
Main Author: Talib Samat
Format: Book
Published: Selangor : Pekan Ilmu Pub. Sdn. Bhd , 2010
Subjects:

MARC

LEADER 00000cam a2200000 7i4500
001 0000038514
005 20131114.0
008 131114
020 |a 9675841064 
090 0 0 |a TAL   |b MAL 
100 0 |a Talib Samat 
245 1 0 |a Merah pitaya merah   |c Talib Samat 
260 |a Selangor :   |b Pekan Ilmu Pub. Sdn. Bhd ,   |c 2010 
650 0 |a Malay fiction 
999 |a 0001249315   |b Book   |c Adult Collection   |e Perbadanan Perpustakaan Awam Johor